000 00457nam a2200181Ia 4500
001 60070
008 160728n ii |||gr||||Z||||||465
082 _a820.09
100 _aChandra, Naresh.
245 0 _aNew Criticism
_cBy Naresh Chandra
_hTextual Documents
250 _aFirst.
260 _aDelhi:
_bDoaba House,
_c1979.
300 _a325pg:
_bindex;
_c23cm.
653 _aEnglish
653 _aNew Criticism
653 _aG-English
942 _2ddc
_cBK
999 _c59944
_d59944